Paul Gilson

Guardado en:
Detalles Bibliográficos
Autor principal: Decaris, Germaine (Autor)
Formato: Libro
Lenguaje:francés
Publicado: París Pierre Seghers 1959
Colección:Poetes d'aujourd'hui, 70
Materias:
Etiquetas: Agregar Etiqueta
Sin Etiquetas, Sea el primero en etiquetar este registro!

MARC

LEADER 00000nam a2200000 a 4500
001 UCY4363
003 CL-VaPUC
008 950310e19590000FR |||||||||||||||||fre|d
082 0 4 |a 841.09  |b DEC  |2 21 
100 0 |a Decaris, Germaine  |e author  |9 332775 
245 1 0 |a Paul Gilson 
300 |a 221 p 
942 |c BK 
945 |d 19950310 00:00:00  |a mfernand 
260 |a París  |b Pierre Seghers  |c 1959 
600 0 7 |a GILSON, PAUL  |2 CL-VaPUC  |9 332776 
650 0 |a Poesías francesas  |9 265467 
650 0 |a Crítica e interpretación   |9 255042 
583 |a last modification  |c 19950310 00:00:00  |k Rodrigo Vera 
490 0 |a Poetes d'aujourd'hui, 70 
999 |c 232239  |d 232237 
952 |0 0  |1 0  |4 0  |6 841_090000000000000_DEC_1959  |7 0  |8 P  |9 236348  |a BIBART  |b BIBART  |d 2019-11-15  |i 3063070  |o 841.09 DEC 1959  |p 3063070  |r 2025-03-13  |w 2019-11-15  |y BK  |k ART